<?xml version="1.0" encoding="UTF-8"?>
<record
    xmlns:xsi="http://www.w3.org/2001/XMLSchema-instance"
    xsi:schemaLocation="http://www.loc.gov/MARC21/slim http://www.loc.gov/standards/marcxml/schema/MARC21slim.xsd"
    xmlns="http://www.loc.gov/MARC21/slim">

  <leader>01065nam a2200229Ia 4500</leader>
  <controlfield tag="003">Ost</controlfield>
  <controlfield tag="005">20260507075738.0</controlfield>
  <controlfield tag="008">260507s9999||||xx |||||||||||||| ||und||</controlfield>
  <datafield tag="020" ind1=" " ind2=" ">
    <subfield code="a">9957112937</subfield>
  </datafield>
  <datafield tag="040" ind1=" " ind2=" ">
    <subfield code="c">fsecg</subfield>
  </datafield>
  <datafield tag="041" ind1=" " ind2=" ">
    <subfield code="a">ara</subfield>
  </datafield>
  <datafield tag="082" ind1=" " ind2=" ">
    <subfield code="a">658.562</subfield>
  </datafield>
  <datafield tag="100" ind1=" " ind2=" ">
    <subfield code="a">&#x627;&#x644;&#x639;&#x632;&#x627;&#x648;&#x64A;&#x60C; &#x645;&#x62D;&#x645;&#x62F; &#x639;&#x628;&#x62F; &#x627;&#x644;&#x648;&#x647;&#x627;&#x628;</subfield>
    <subfield code="e">&#x645;&#x624;&#x644;&#x641;</subfield>
  </datafield>
  <datafield tag="245" ind1=" " ind2="0">
    <subfield code="a">&#x623;&#x646;&#x638;&#x645;&#x629; &#x625;&#x62F;&#x627;&#x631;&#x629; &#x627;&#x644;&#x62C;&#x648;&#x62F;&#x629; &#x648;&#x627;&#x644;&#x628;&#x64A;&#x626;&#x629; /</subfield>
    <subfield code="c"> &#x645;&#x62D;&#x645;&#x62F; &#x639;&#x628;&#x62F; &#x627;&#x644;&#x648;&#x647;&#x627;&#x628; &#x627;&#x644;&#x639;&#x632;&#x627;&#x648;&#x64A;</subfield>
  </datafield>
  <datafield tag="260" ind1=" " ind2=" ">
    <subfield code="a">&#x639;&#x645;&#x627;&#x646;: </subfield>
    <subfield code="b">&#x62F;&#x627;&#x631; &#x648;&#x627;&#x626;&#x644; &#x644;&#x644;&#x646;&#x634;&#x631; &#x648;&#x627;&#x644;&#x62A;&#x648;&#x632;&#x64A;&#x639;, </subfield>
    <subfield code="c">2002</subfield>
  </datafield>
  <datafield tag="300" ind1=" " ind2=" ">
    <subfield code="a">254  &#x635;&#x641;&#x62D;&#x629;&#x61B; </subfield>
    <subfield code="b">&#x625;&#x64A;&#x636;&#x627;&#x62D;&#x627;&#x62A; &#x61B;</subfield>
    <subfield code="c">25 &#x633;&#x645;</subfield>
  </datafield>
  <datafield tag="504" ind1=" " ind2=" ">
    <subfield code="a">&#x628;&#x628;&#x644;&#x64A;&#x648;&#x63A;&#x631;&#x627;&#x641;&#x64A;&#x627;: &#x635;.247</subfield>
  </datafield>
  <datafield tag="520" ind1=" " ind2=" ">
    <subfield code="a">&#x645;&#x641;&#x647;&#x648;&#x645; &#x627;&#x644;&#x62C;&#x648;&#x62F;&#x629; &#x648;&#x627;&#x644;&#x645;&#x648;&#x627;&#x635;&#x641;&#x627;&#x62A; &#x627;&#x644;&#x639;&#x627;&#x644;&#x645;&#x64A;&#x629;&#x60C;&#x627;&#x644;&#x645;&#x648;&#x627;&#x635;&#x641;&#x627;&#x62A; &#x627;&#x644;&#x639;&#x627;&#x644;&#x645;&#x64A;&#x629; &#x644;&#x644;&#x62C;&#x648;&#x62F;&#x629; ISO 9000 &#x60C;&#x639;&#x627;&#x626;&#x644;&#x629; &#x627;&#x644;&#x645;&#x648;&#x627;&#x635;&#x641;&#x629; &#x627;&#x644;&#x639;&#x627;&#x644;&#x645;&#x64A;&#x629; &#x644;&#x644;&#x62C;&#x648;&#x62F;&#x629; ISO 9000&#x60C;&#x623;&#x646;&#x638;&#x645;&#x629; &#x625;&#x62F;&#x627;&#x631;&#x629; &#x627;&#x644;&#x62C;&#x648;&#x62F;&#x629;&#x60C;ISO 9001/2000&#x60C;&#x62A;&#x648;&#x62B;&#x64A;&#x642; &#x646;&#x638;&#x627;&#x645; &#x627;&#x644;&#x62C;&#x648;&#x62F;&#x629; &#x648;&#x62A;&#x62E;&#x637;&#x64A;&#x637;&#x647;&#x60C;&#x646;&#x638;&#x627;&#x645; &#x627;&#x644;&#x625;&#x62F;&#x627;&#x631;&#x629; &#x627;&#x644;&#x628;&#x64A;&#x626;&#x64A;&#x629;ISO 14000</subfield>
  </datafield>
  <datafield tag="653" ind1=" " ind2=" ">
    <subfield code="a">&#x627;&#x644;&#x628;&#x64A;&#x626;&#x629;</subfield>
  </datafield>
  <datafield tag="653" ind1=" " ind2=" ">
    <subfield code="a">&#x636;&#x628;&#x637; &#x627;&#x644;&#x62C;&#x648;&#x62F;&#x629;</subfield>
  </datafield>
  <datafield tag="942" ind1=" " ind2=" ">
    <subfield code="c">&#x643;&#x62A;&#x627;&#x628;</subfield>
  </datafield>
  <datafield tag="952" ind1=" " ind2=" ">
    <subfield code="0">0</subfield>
    <subfield code="1">0</subfield>
    <subfield code="2">lcc</subfield>
    <subfield code="4">0</subfield>
    <subfield code="7">-1</subfield>
    <subfield code="a">fsecg</subfield>
    <subfield code="b">fsecg</subfield>
    <subfield code="d">2026-05-07</subfield>
    <subfield code="h">&#x627;&#x644;&#x637;&#x627;&#x628;&#x642; &#x627;&#x644;&#x623;&#x631;&#x636;&#x64A;</subfield>
    <subfield code="i">1262/1</subfield>
    <subfield code="l">0</subfield>
    <subfield code="o">&#x623;/1262&#x646;1</subfield>
    <subfield code="p">1262/1</subfield>
    <subfield code="r">2026-05-07 07:57:38</subfield>
    <subfield code="w">2026-05-07</subfield>
    <subfield code="y">&#x643;&#x62A;&#x627;&#x628;</subfield>
  </datafield>
  <datafield tag="952" ind1=" " ind2=" ">
    <subfield code="0">0</subfield>
    <subfield code="1">0</subfield>
    <subfield code="2">ddc</subfield>
    <subfield code="4">0</subfield>
    <subfield code="7">0</subfield>
    <subfield code="a">fsecg</subfield>
    <subfield code="b">fsecg</subfield>
    <subfield code="d">2026-05-07</subfield>
    <subfield code="h">&#x627;&#x644;&#x637;&#x627;&#x628;&#x642; &#x627;&#x644;&#x623;&#x631;&#x636;&#x64A;</subfield>
    <subfield code="i">1262/2</subfield>
    <subfield code="l">0</subfield>
    <subfield code="o">&#x623;/1262&#x646;2</subfield>
    <subfield code="p">1262/2</subfield>
    <subfield code="r">2026-05-07 07:57:38</subfield>
    <subfield code="w">2026-05-07</subfield>
    <subfield code="y">&#x643;&#x62A;&#x627;&#x628;</subfield>
  </datafield>
  <datafield tag="952" ind1=" " ind2=" ">
    <subfield code="0">0</subfield>
    <subfield code="1">0</subfield>
    <subfield code="2">ddc</subfield>
    <subfield code="4">0</subfield>
    <subfield code="7">0</subfield>
    <subfield code="a">fsecg</subfield>
    <subfield code="b">fsecg</subfield>
    <subfield code="d">2026-05-07</subfield>
    <subfield code="h">&#x627;&#x644;&#x637;&#x627;&#x628;&#x642; &#x627;&#x644;&#x62B;&#x627;&#x646;&#x64A;</subfield>
    <subfield code="i">1262/3</subfield>
    <subfield code="l">0</subfield>
    <subfield code="o">&#x623;/1262&#x646;3</subfield>
    <subfield code="p">1262/3</subfield>
    <subfield code="r">2026-05-07 07:57:38</subfield>
    <subfield code="w">2026-05-07</subfield>
    <subfield code="y">&#x643;&#x62A;&#x627;&#x628;</subfield>
  </datafield>
  <datafield tag="952" ind1=" " ind2=" ">
    <subfield code="0">0</subfield>
    <subfield code="1">0</subfield>
    <subfield code="2">ddc</subfield>
    <subfield code="4">0</subfield>
    <subfield code="7">0</subfield>
    <subfield code="a">fsecg</subfield>
    <subfield code="b">fsecg</subfield>
    <subfield code="d">2026-05-07</subfield>
    <subfield code="h">&#x627;&#x644;&#x637;&#x627;&#x628;&#x642; &#x627;&#x644;&#x62B;&#x627;&#x646;&#x64A;</subfield>
    <subfield code="i">1262/4</subfield>
    <subfield code="l">0</subfield>
    <subfield code="o">&#x623;/1262&#x646;4</subfield>
    <subfield code="p">1262/4</subfield>
    <subfield code="r">2026-05-07 07:57:38</subfield>
    <subfield code="w">2026-05-07</subfield>
    <subfield code="y">&#x643;&#x62A;&#x627;&#x628;</subfield>
  </datafield>
  <datafield tag="999" ind1=" " ind2=" ">
    <subfield code="c">46109</subfield>
    <subfield code="d">46109</subfield>
  </datafield>
</record>
